[Event "Olomouc 2005, GM A - Valoz Cup"]
[Site "?"]
[Date "2005.??.??"]
[Round "7.6"]
[White "Laznicka, Viktor"]
[Black "Kholmov, Ratmir D"]
[Result "1/2-1/2"]
[WhiteElo "2517"]
[BlackElo "2430"]
[PlyCount "48"]
[EventDate "2005.08.03"]

1. d4 Nf6 2. c4 e6 3. Nf3 Bb4+ 4. Nbd2 d5 5. a3 Be7 6. e3 b6 7. Bd3 Bb7 8. O-O
O-O 9. cxd5 exd5 10. b4 c5 11. bxc5 bxc5 12. dxc5 Nbd7 13. Nb3 Nxc5 14. Nxc5
Bxc5 15. Bb2 Ne4 16. Bd4 Bd6 17. Qa4 Qe7 18. Rfc1 Rfc8 19. Rxc8+ Bxc8 20. Qa5
Be6 21. h3 h6 22. Bb5 Nc5 23. Qc3 Ne4 24. Qa5 Nc5 1/2-1/2

[Event "Olomouc 2005, GM A - Valoz Cup"]
[Site "?"]
[Date "2005.??.??"]
[Round "8.4"]
[White "Popchev, Milko"]
[Black "Cernousek, Lukas"]
[Result "1/2-1/2"]
[WhiteElo "2476"]
[BlackElo "2375"]
[PlyCount "20"]
[EventDate "2005.08.03"]

1. d4 d5 2. Nf3 c5 3. c3 cxd4 4. cxd4 Nf6 5. Nc3 Nc6 6. Bf4 Bf5 7. e3 e6 8. Bd3
Bxd3 9. Qxd3 Bd6 10. Bxd6 Qxd6 1/2-1/2

[Event "Olomouc 2005, GM A - Valoz Cup"]
[Site "?"]
[Date "2005.??.??"]
[Round "8.5"]
[White "Potapov, Alexander"]
[Black "Shanava, Konstantine"]
[Result "1/2-1/2"]
[WhiteElo "2530"]
[BlackElo "2477"]
[PlyCount "120"]
[EventDate "2005.08.03"]

1. d4 Nf6 2. c4 e6 3. Nc3 Bb4 4. g3 c5 5. Nf3 Nc6 6. Bg2 Ne4 7. Bd2 Nxd2 8.
Qxd2 cxd4 9. Nxd4 Nxd4 10. Qxd4 Qf6 11. Qxf6 gxf6 12. Rc1 Rb8 13. O-O Ke7 14.
Rfd1 b6 15. Nb1 Ba6 16. a3 Bd6 17. Rc2 Rhd8 18. b4 f5 19. f4 Bc7 20. b5 Bb7 21.
Rcd2 Bxg2 22. Kxg2 Rbc8 23. a4 Bb8 24. Rd4 e5 25. fxe5 Bxe5 26. Rh4 f4 27. Rd5
d6 28. gxf4 Rxc4 29. Kf3 Rxa4 30. Nd2 Rc8 31. Ne4 f5 32. Ng3 Rc3+ 33. e3 Ke6
34. Rd2 h5 35. Ne2 Rc8 36. Rxh5 Rh8 37. Rxh8 Bxh8 38. Rc2 Rb4 39. Ra2 Rxb5 40.
Rxa7 Rb1 41. Rh7 Bf6 42. Rh6 b5 43. Nd4+ Kf7 44. Nxf5 b4 45. Nxd6+ Kg7 46. Nf5+
Kf7 47. Nd4 b3 48. Rh7+ Kg6 49. Rb7 Bxd4 50. exd4 b2 51. Rb6+ Kh5 52. Rb5+ Kh4
53. Kg2 Kg4 54. f5 Kg5 55. Kh3 Kf6 56. Kh4 Rd1 57. Rxb2 Rxd4+ 58. Kh5 Kxf5 59.
h4 Kf6 60. Rb7 Ra4 1/2-1/2

[Event "Olomouc 2005, GM A - Valoz Cup"]
[Site "?"]
[Date "2005.??.??"]
[Round "8.6"]
[White "Simacek, Pavel"]
[Black "El Taher, Fouad"]
[Result "1/2-1/2"]
[WhiteElo "2453"]
[BlackElo "2456"]
[PlyCount "55"]
[EventDate "2005.08.03"]

1. e4 e5 2. Nf3 Nc6 3. d4 exd4 4. Nxd4 Nf6 5. Nxc6 bxc6 6. e5 Qe7 7. Qe2 Nd5 8.
c4 Ba6 9. b3 g6 10. g3 Bg7 11. Bb2 O-O 12. Bg2 Rae8 13. O-O Nb6 14. Re1 f6 15.
Qe3 fxe5 16. Ba3 c5 17. Bxc5 d6 18. Ba3 e4 19. Nc3 Qf7 20. Rad1 Bxc3 21. Qxc3
Qxf2+ 22. Kh1 e3 23. Bb2 Re5 24. Rb1 e2 25. Qd3 Ree8 26. Qc3 Re5 27. Qd3 Ree8
28. Qc3 1/2-1/2

[Event "Olomouc 2005, GM A - Valoz Cup"]
[Site "?"]
[Date "2005.??.??"]
[Round "9.1"]
[White "El Taher, Fouad"]
[Black "Stopa, Jacek"]
[Result "1-0"]
[WhiteElo "2456"]
[BlackElo "2460"]
[PlyCount "55"]
[EventDate "2005.08.03"]

1. e4 e5 2. Nf3 Nc6 3. Bb5 a6 4. Ba4 Nf6 5. O-O Be7 6. Re1 b5 7. Bb3 Bb7 8. c3
d5 9. exd5 Nxd5 10. Nxe5 Nxe5 11. Rxe5 Nf4 12. d4 Nxg2 13. Qe2 h6 14. Rxb5 axb5
15. Qxb5+ c6 16. Qxb7 O-O 17. Qxc6 Bg5 18. Nd2 Nh4 19. Ne4 Bxc1 20. Rxc1 Rc8
21. Qd6 Nf3+ 22. Kg2 Nxd4 23. Bd1 Qxd6 24. Nxd6 Rc6 25. Ne4 Rd8 26. b4 Nf5 27.
Bb3 Re8 28. Bd5 1-0

[Event "Olomouc 2005, GM A - Valoz Cup"]
[Site "?"]
[Date "2005.??.??"]
[Round "9.2"]
[White "Shanava, Konstantine"]
[Black "Simacek, Pavel"]
[Result "1-0"]
[WhiteElo "2477"]
[BlackElo "2453"]
[PlyCount "79"]
[EventDate "2005.08.03"]

1. e4 e6 2. d4 d5 3. Nd2 Nf6 4. e5 Nfd7 5. Bd3 c5 6. c3 Nc6 7. Ne2 cxd4 8. cxd4
f6 9. exf6 Nxf6 10. O-O Bd6 11. Nf3 Qc7 12. Bg5 O-O 13. Rc1 Nh5 14. Bb1 g6 15.
Rc3 Bd7 16. a3 Rae8 17. Bh6 Rf6 18. Re1 Qb8 19. Ng3 Nf4 20. Rce3 Bf8 21. Bg5
Rf7 22. Ne5 Nxe5 23. dxe5 Bg7 24. h4 h6 25. Bxf4 Rxf4 26. Bxg6 Ref8 27. Nh5
Rxh4 28. g3 Rc4 29. b3 Rc7 30. Qg4 Be8 31. Qxe6+ Kh8 32. Bxe8 Qxe8 33. Nxg7
Rxg7 34. Qxd5 Qh5 35. Qg2 Rgf7 36. R1e2 Re7 37. e6 Rf6 38. Re5 Rf5 39. Qd5 Qxe2
40. Qd8+ 1-0

[Event "Olomouc 2005, GM A - Valoz Cup"]
[Site "?"]
[Date "2005.??.??"]
[Round "9.3"]
[White "Cernousek, Lukas"]
[Black "Potapov, Alexander"]
[Result "0-1"]
[WhiteElo "2375"]
[BlackElo "2530"]
[PlyCount "74"]
[EventDate "2005.08.03"]

1. e4 e5 2. Nc3 Nc6 3. f4 exf4 4. Nf3 g5 5. h4 g4 6. Ng5 h6 7. Nxf7 Kxf7 8.
Bc4+ d5 9. Bxd5+ Ke8 10. d4 Bg7 11. Bxf4 Nge7 12. Nb5 Nxd5 13. exd5 Qe7+ 14.
Kf2 Rf8 15. g3 Rxf4+ 16. gxf4 g3+ 17. Kf3 Qd7 18. Kxg3 Ne7 19. Qh5+ Kf8 20. c4
c6 21. Nc3 Nf5+ 22. Kg2 b5 23. Rae1 cxd5 24. cxb5 Bxd4 25. Kh2 Ng7 26. Qf3 Bb7
27. f5 Bf6 28. Qf4 d4 29. Ne4 Bxe4 30. Rxe4 Rc8 31. Rg1 d3 32. Qxh6 Rc2+ 33.
Kh1 Qxf5 34. Qe3 Qd5 35. Rf1 Nf5 36. Rxf5 Qxf5 37. Re8+ Kf7 0-1

[Event "Olomouc 2005, GM A - Valoz Cup"]
[Site "?"]
[Date "2005.??.??"]
[Round "9.5"]
[White "Laznicka, Viktor"]
[Black "Sundararajan, Kidambi"]
[Result "1/2-1/2"]
[WhiteElo "2517"]
[BlackElo "2484"]
[PlyCount "71"]
[EventDate "2005.08.03"]

1. e4 c5 2. Nf3 d6 3. d4 cxd4 4. Nxd4 Nf6 5. Nc3 e6 6. g3 Be7 7. Bg2 O-O 8. O-O
Nc6 9. Be3 Bd7 10. a4 Nxd4 11. Bxd4 Bc6 12. a5 Qc7 13. Qe2 Rfd8 14. Rfd1 Nd7
15. Nd5 exd5 16. exd5 Bf6 17. Bxf6 Nxf6 18. dxc6 bxc6 19. b4 Rab8 20. Rd4 d5
21. Qd2 Re8 22. c4 Rxb4 23. Qxb4 c5 24. Qd2 cxd4 25. cxd5 Qc3 26. Rd1 Kf8 27.
h3 Qxd2 28. Rxd2 Re1+ 29. Kh2 Ra1 30. Rxd4 Rxa5 31. d6 Ke8 32. Bc6+ Kd8 33. Rb4
Kc8 34. Rc4 Kd8 35. Rb4 Kc8 36. Rc4 1/2-1/2

[Event "Olomouc 2005, GM A - Valoz Cup"]
[Site "?"]
[Date "2005.??.??"]
[Round "10.1"]
[White "Stopa, Jacek"]
[Black "Thinius, Marco"]
[Result "1/2-1/2"]
[WhiteElo "2460"]
[BlackElo "2354"]
[PlyCount "92"]
[EventDate "2005.08.03"]

1. e4 e5 2. Nf3 Nc6 3. Bb5 a6 4. Ba4 Nf6 5. O-O Be7 6. Re1 b5 7. Bb3 d6 8. c3
O-O 9. h3 Na5 10. Bc2 c5 11. d4 Qc7 12. Nbd2 cxd4 13. cxd4 Nc6 14. Nb3 a5 15.
Be3 a4 16. Nbd2 a3 17. bxa3 Rxa3 18. Qc1 Ra5 19. Bb3 Qb7 20. Qb2 exd4 21. Nxd4
Nxd4 22. Bxd4 Be6 23. Bxe6 fxe6 24. e5 Nd5 25. exd6 Bxd6 26. Rxe6 Nf4 27. Re4
Ra3 28. f3 Qf7 29. Nf1 Qg6 30. Kh1 Nxh3 31. Rg4 Ng5 32. Be3 Qh6+ 33. Kg1 Rxe3
34. Nxe3 Nxf3+ 35. gxf3 Qxe3+ 36. Qf2 Qc3 37. Qe1 Qxf3 38. Qe6+ Kh8 39. Rg2
Bc5+ 40. Kh1 h6 41. Qg4 Qxg4 42. Rxg4 b4 43. Rc1 Rf5 44. Rgc4 Bf8 45. Kg2 Kh7
46. Rf1 Rg5+ {69 moves} 1/2-1/2

[Event "Olomouc 2005, GM A - Valoz Cup"]
[Site "?"]
[Date "2005.??.??"]
[Round "10.2"]
[White "Sundararajan, Kidambi"]
[Black "Kholmov, Ratmir D"]
[Result "0-1"]
[WhiteElo "2484"]
[BlackElo "2430"]
[PlyCount "66"]
[EventDate "2005.08.03"]

1. d4 Nf6 2. c4 e6 3. Nc3 Bb4 4. Qc2 d5 5. cxd5 exd5 6. Bg5 h6 7. Bh4 c6 8. e3
Be6 9. Bd3 Nbd7 10. Nge2 Rc8 11. O-O Be7 12. Rad1 Nb6 13. f3 O-O 14. Kh1 Nh5
15. Bf2 f5 16. Rde1 Bd6 17. Ng3 Nxg3+ 18. Bxg3 Bxg3 19. hxg3 Rc7 20. Ne2 g5 21.
e4 fxe4 22. fxe4 dxe4 23. Bxe4 Bc4 24. b3 Bf7 25. Nc3 Re7 26. Rf6 Kg7 27. Qf2
Nd5 28. Rf3 Nxc3 29. Rxc3 Bg6 30. Qc2 Rfe8 31. Bxg6 Rxe1+ 32. Kh2 R8e2 33. Qf5
Qf6 0-1

[Event "Olomouc 2005, GM A - Valoz Cup"]
[Site "?"]
[Date "2005.??.??"]
[Round "10.3"]
[White "Popchev, Milko"]
[Black "Laznicka, Viktor"]
[Result "0-1"]
[WhiteElo "2476"]
[BlackElo "2517"]
[PlyCount "94"]
[EventDate "2005.08.03"]

1. d4 Nf6 2. Nf3 e6 3. e3 b6 4. Bd3 Bb7 5. O-O c5 6. b3 Be7 7. Bb2 O-O 8. Nbd2
Nc6 9. c4 cxd4 10. exd4 d5 11. Rc1 Qd6 12. Re1 Rfd8 13. a3 dxc4 14. bxc4 Rac8
15. Qe2 g6 16. Bb1 Bf8 17. Ne4 Nxe4 18. Bxe4 Bg7 19. c5 Qc7 20. Red1 Ne7 21.
Rc2 Bxe4 22. Qxe4 Qc6 23. Qe2 Nf5 24. Rdc1 Qd5 25. cxb6 Rxc2 26. Rxc2 axb6 27.
g3 Nxd4 28. Bxd4 Bxd4 29. Rd2 e5 30. Nxe5 Re8 31. Qd1 Bxf2+ 32. Kxf2 Qxe5 33.
Rd3 h5 34. h4 Re6 35. Kg2 Kg7 36. Qd2 Rc6 37. Re3 Qf5 38. Re2 Rf6 39. Qb2 Kh7
40. Kh2 Qf1 41. Rg2 b5 42. Qe2 Qf5 43. Qc2 Qg4 44. Rf2 Rxf2+ 45. Qxf2 Qc4 46.
Qd2 Kg7 47. Qd6 Qe2+ {94 moves} 0-1

[Event "Olomouc 2005, GM A - Valoz Cup"]
[Site "?"]
[Date "2005.??.??"]
[Round "10.4"]
[White "Potapov, Alexander"]
[Black "Neuman, Petr"]
[Result "1-0"]
[WhiteElo "2530"]
[BlackElo "2428"]
[PlyCount "107"]
[EventDate "2005.08.03"]

1. d4 d6 2. c4 e5 3. Nc3 exd4 4. Qxd4 Nf6 5. g3 Nc6 6. Qd2 Be6 7. Nd5 Ne5 8. b3
Ne4 9. Qd4 Nc5 10. Bg2 g6 11. Bg5 Qxg5 12. Nxc7+ Kd7 13. Nxa8 Bg7 14. Kf1 Qh6
15. Qd1 Rxa8 16. Rc1 a5 17. h4 Ng4 18. e3 Nxe3+ 19. fxe3 Qxe3 20. Qe1 Qxe1+ 21.
Rxe1 a4 22. Bd5 Bxd5 23. cxd5 axb3 24. axb3 Ra3 25. h5 g5 26. h6 Be5 27. Re3 f5
28. Ne2 Ke7 29. Kg2 Kf6 30. Rc1 b6 31. Rf3 Kg6 32. b4 Nd3 33. Rd1 Ra2 34. Rdxd3
Rxe2+ 35. Rf2 Re4 36. Rdf3 Rxb4 37. Rxf5 Rd4 38. Rf8 Rd3 39. Rg8+ Kh5 40. Rf3
Rxd5 41. Rf5 Kxh6 42. Rfxg5 Rd2+ 43. Kh3 Rd1 44. Kg4 Rd4+ 45. Kf5 Rd1 46. g4
Rh1 47. Ke6 b5 48. Rf5 Rh2 49. Rf7 Rg2 50. Rf3 Rh2 51. Rb3 b4 52. Rxb4 Rf2 53.
g5+ Kh5 54. Rb7 1-0

[Event "Olomouc 2005, GM A - Valoz Cup"]
[Site "?"]
[Date "2005.??.??"]
[Round "10.5"]
[White "Simacek, Pavel"]
[Black "Cernousek, Lukas"]
[Result "0-1"]
[WhiteElo "2453"]
[BlackElo "2375"]
[PlyCount "126"]
[EventDate "2005.08.03"]

1. e4 e6 2. d4 d5 3. exd5 exd5 4. c4 Nf6 5. Nc3 Bb4 6. Bd3 O-O 7. Nge2 dxc4 8.
Bxc4 Nc6 9. O-O Bd6 10. Nb5 Be6 11. Bxe6 fxe6 12. Nf4 Bxf4 13. Bxf4 Nd5 14. Bg3
Qd7 15. Re1 a6 16. Nc3 Nf6 17. Ne4 Nxe4 18. Rxe4 Rf5 19. Qb3 Qd5 20. Qe3 Raf8
21. a3 R8f6 22. Re1 Qd7 23. f3 Rd5 24. Bf2 Rd6 25. Qb3 b5 26. Bg3 Rd5 27. Qc3
Rg6 28. Rc1 Nxd4 29. Bxc7 e5 30. Qe3 Qh3 31. g3 Rxg3+ 32. hxg3 Qxg3+ 33. Kf1
Qh3+ 34. Kg1 Nxf3+ 35. Kf2 Rd2+ 36. Qxd2 Nxd2 37. Rxe5 Qh2+ 38. Ke3 Nc4+ 39.
Rxc4 Qg1+ 40. Ke4 bxc4 41. Bd6 Kf7 42. Kd5 Qd1+ 43. Kc6 Qb3 44. Re7+ Kf6 45.
Rb7 Qa4+ 46. Kd5 Qd1+ 47. Kc5 h5 48. Rb6 Qg1+ 49. Kc6 g5 50. Rxa6 h4 51. Kb5
Kf5 52. Rc6 g4 53. Rxc4 h3 54. a4 g3 55. Rh4 h2 56. a5 h1=Q 57. Rxh1 Qxh1 58.
Bxg3 Qb7+ 59. Kc5 Qxb2 60. a6 Qa3+ 61. Kc6 Qxg3 62. Kb7 Qb3+ 63. Ka8 Qd5+ 0-1

[Event "Olomouc 2005, GM A - Valoz Cup"]
[Site "?"]
[Date "2005.??.??"]
[Round "10.6"]
[White "El Taher, Fouad"]
[Black "Shanava, Konstantine"]
[Result "1-0"]
[WhiteElo "2456"]
[BlackElo "2477"]
[PlyCount "69"]
[EventDate "2005.08.03"]

1. e4 c5 2. Nf3 d6 3. d4 cxd4 4. Nxd4 Nf6 5. Nc3 a6 6. Bg5 e6 7. f4 Qb6 8. Qd2
Qxb2 9. Rb1 Qa3 10. f5 Nc6 11. fxe6 fxe6 12. Nxc6 bxc6 13. e5 dxe5 14. Bxf6
gxf6 15. Ne4 Be7 16. Be2 h5 17. Rb3 Qa4 18. c4 Ra7 19. O-O f5 20. Qc3 fxe4 21.
Qxe5 Rh7 22. Bxh5+ Rxh5 23. Qxh5+ Kd8 24. Qh8+ Kc7 25. Rf7 Qxc4 26. Rxe7+ Kd6
27. Qd8+ Rd7 28. Rxd7+ Bxd7 29. Qf8+ Kd5 30. Qf1 Qd4+ 31. Kh1 c5 32. Rb8 c4 33.
h3 Qe5 34. Rd8 Kc6 35. Qxc4+ 1-0

[Event "Olomouc 2005, GM B - Proclient Cup"]
[Site "?"]
[Date "2005.??.??"]
[Round "1.1"]
[White "Lagowski, Patryk"]
[Black "Hassan, Abdullah"]
[Result "0-1"]
[WhiteElo "2395"]
[BlackElo "2341"]
[PlyCount "84"]
[EventDate "2005.08.03"]

1. d4 e6 2. c4 b6 3. a3 Bb7 4. Nc3 f5 5. Nf3 Nf6 6. g3 Ne4 7. Bg2 Nxc3 8. bxc3
Be7 9. O-O O-O 10. a4 Nc6 11. c5 Na5 12. Ba3 Nc4 13. Bc1 bxc5 14. a5 cxd4 15.
cxd4 Rb8 16. Qc2 Bd5 17. Nd2 Bxg2 18. Kxg2 Nxd2 19. Bxd2 Bd6 20. f4 Rb5 21. Rf3
Qa8 22. Bc3 Qd5 23. Kh1 Rfb8 24. Rg1 Rb3 25. h3 c6 26. Kh2 Bb4 27. Qd2 Qxa5 28.
Bxb4 Qxb4 29. Rxb3 Qxb3 30. Qa5 Qd5 31. Qxa7 Rb2 32. Rg2 Rd2 33. Qa3 Qxd4 34.
Qe7 Qd6 35. Qd8+ Kf7 36. h4 c5 37. h5 h6 38. Kh3 c4 39. Qc8 Qd5 40. Kh2 Rd1 41.
e3 Rd2 42. e4 Rxg2+ 0-1

[Event "Olomouc 2005, GM B - Proclient Cup"]
[Site "?"]
[Date "2005.??.??"]
[Round "1.2"]
[White "Voloshin, Leonid"]
[Black "Gavrilov, Alexei"]
[Result "1/2-1/2"]
[WhiteElo "2477"]
[BlackElo "2464"]
[PlyCount "61"]
[EventDate "2005.08.03"]

1. d4 Nf6 2. c4 e6 3. Nf3 d5 4. g3 c6 5. Qc2 Nbd7 6. Bg2 Bd6 7. Nbd2 O-O 8. O-O
Re8 9. b3 e5 10. cxd5 cxd5 11. dxe5 Nxe5 12. Bb2 Qe7 13. Nd4 Bg4 14. Nf5 Bxf5
15. Qxf5 Ba3 16. Bd4 Bc5 17. Bxc5 Qxc5 18. Rac1 Qa5 19. Qc2 Nc6 20. e3 Nb4 21.
Qc3 Qb6 22. Qa1 Ng4 23. Rc3 Rad8 24. Nf3 Nf6 25. a3 Nc6 26. Rd3 Ne4 27. b4 a5
28. Rb1 axb4 29. axb4 g6 30. b5 Ne7 31. Qd4 1/2-1/2

[Event "Olomouc 2005, GM B - Proclient Cup"]
[Site "?"]
[Date "2005.??.??"]
[Round "1.3"]
[White "Arutinian, David"]
[Black "Bromberger, Stefan"]
[Result "1/2-1/2"]
[WhiteElo "2446"]
[BlackElo "2491"]
[PlyCount "71"]
[EventDate "2005.08.03"]

1. d4 Nf6 2. c4 g6 3. Nc3 Bg7 4. e4 d6 5. Nf3 O-O 6. h3 e5 7. d5 Na6 8. Bg5 h6
9. Be3 Nc5 10. Nd2 a5 11. Be2 Bd7 12. g4 Ne8 13. Qc2 f5 14. exf5 gxf5 15. O-O-O
Na6 16. gxf5 Bxf5 17. Nde4 Nf6 18. a3 Kh8 19. Bf3 Nb8 20. Rhg1 Nbd7 21. Qd2
Nxe4 22. Bxe4 Qh4 23. Bxf5 Rxf5 24. Rg4 Qxh3 25. Rdg1 Rg8 26. Ne4 b6 27. Qd1
Rh5 28. Ng3 Rh4 29. Rxh4 Qxh4 30. Qc2 Bf8 31. Rh1 Qf6 32. Nf5 Rg6 33. Rh5 Qf7
34. Qe2 Nf6 35. Rh1 Ng8 36. Qd3 1/2-1/2

[Event "Olomouc 2005, GM B - Proclient Cup"]
[Site "?"]
[Date "2005.??.??"]
[Round "1.4"]
[White "Prasad, Devaki V"]
[Black "Bernasek, Jan"]
[Result "1-0"]
[WhiteElo "2359"]
[BlackElo "2458"]
[PlyCount "97"]
[EventDate "2005.08.03"]

1. e4 c5 2. Nf3 d6 3. d4 cxd4 4. Nxd4 Nf6 5. Nc3 a6 6. Be3 e5 7. Nb3 Be6 8. Qd2
Be7 9. f3 O-O 10. O-O-O Qc7 11. g4 Rc8 12. g5 Nh5 13. Kb1 Nd7 14. Qf2 Bd8 15.
Nd5 Qb8 16. h4 b5 17. Bh3 Bxh3 18. Rxh3 a5 19. f4 a4 20. Nc1 exf4 21. Bxf4 Ne5
22. Bxe5 dxe5 23. Nd3 Rc4 24. Rf3 Rxe4 25. Rxf7 Nf4 26. Nxe5 Qxe5 27. Rxf4 Rxf4
28. Qxf4 Qxf4 29. Nxf4 Bc7 30. Nd5 Bg3 31. Ne7+ Kf7 32. Nf5 Be5 33. Re1 Re8 34.
c3 a3 35. b4 Re6 36. Re3 g6 37. Nh6+ Ke7 38. Ng8+ Kd6 39. Rf3 Kd5 40. Nf6+ Kc4
41. Re3 Re7 42. Ng4 Bd6 43. Kc2 Kd5 44. Nf6+ Kc6 45. Rxe7 Bxe7 46. Nxh7 Bd6 47.
Nf6 Bf4 48. Kd3 Kd6 49. h5 1-0

[Event "Olomouc 2005, GM B - Proclient Cup"]
[Site "?"]
[Date "2005.??.??"]
[Round "2.1"]
[White "Hassan, Abdullah"]
[Black "Bakre, Tejas"]
[Result "0-1"]
[WhiteElo "2341"]
[BlackElo "2467"]
[PlyCount "91"]
[EventDate "2005.08.03"]

1. d4 Nf6 2. Nf3 e6 3. e3 b6 4. Bd3 Bb7 5. O-O d5 6. b3 Bd6 7. Bb2 O-O 8. c4
Nbd7 9. Nc3 a6 10. Rc1 Ne4 11. Ne2 Qf6 12. Ng3 Qh6 13. Ne5 Ndf6 14. Bxe4 Nxe4
15. Nxe4 dxe4 16. Ng4 Qg5 17. c5 Be7 18. cxb6 cxb6 19. Ne5 Rfc8 20. Qd2 Bd6 21.
Rxc8+ Rxc8 22. Rc1 Qd8 23. Rxc8 Qxc8 24. Qc3 b5 25. Qxc8+ Bxc8 26. f3 f6 27.
Ng4 Bb7 28. f4 Kf7 29. Nf2 h5 30. Nd1 Kg6 31. Kf2 Kf5 32. Nc3 g5 33. fxg5 fxg5
34. h3 Bc6 35. Ne2 b4 36. Ng3+ Kg6 37. Nf1 Bd5 38. Nd2 a5 39. Nc4 Bc7 40. g4 h4
41. Ne5+ Kf6 42. Nd7+ Ke7 43. Ne5 a4 44. bxa4 Bxe5 45. dxe5 Bxa2 46. a5 0-1

[Event "Olomouc 2005, GM B - Proclient Cup"]
[Site "?"]
[Date "2005.??.??"]
[Round "2.2"]
[White "Maslak, Konstantin"]
[Black "Radulski, Julian"]
[Result "0-1"]
[WhiteElo "2501"]
[BlackElo "2502"]
[PlyCount "90"]
[EventDate "2005.08.03"]

1. e4 e5 2. Bc4 Nf6 3. d3 Nc6 4. Nf3 Be7 5. O-O O-O 6. Re1 d6 7. a4 Kh8 8. a5
a6 9. c3 Ng8 10. d4 f5 11. dxe5 fxe4 12. Rxe4 Rxf3 13. gxf3 Bf5 14. e6 Qe8 15.
Kh1 Qg6 16. Nd2 Bxe4 17. fxe4 Rf8 18. f3 Ne5 19. Be2 Qxe6 20. Nf1 Nf6 21. Ng3
Ng6 22. c4 c6 23. Be3 d5 24. cxd5 cxd5 25. Qb3 Bd6 26. Rg1 Bxg3 27. Rxg3 Qc6
28. exd5 Nxd5 29. Bd4 Ndf4 30. Qc4 Qd7 31. Bc3 Re8 32. Bf1 Qd1 33. Rg1 Qxf3+
34. Bg2 Nxg2 35. Rxg2 h6 36. Qc7 Re7 37. Qd6 Nf4 38. Bxg7+ Kg8 39. Qd8+ Kf7 40.
Qf8+ Ke6 41. Qc8+ Kd5 42. Qf5+ Kd6 43. Qf6+ Kd7 44. Qf5+ Re6 45. Qf7+ Kc6 0-1

[Event "Olomouc 2005, GM B - Proclient Cup"]
[Site "?"]
[Date "2005.??.??"]
[Round "2.3"]
[White "Bernasek, Jan"]
[Black "Jirka, Jiri"]
[Result "0-1"]
[WhiteElo "2458"]
[BlackElo "2391"]
[PlyCount "96"]
[EventDate "2005.08.03"]

1. d4 d5 2. c4 c6 3. e3 Nf6 4. Nf3 g6 5. Bd3 Bg7 6. O-O O-O 7. Qc2 Na6 8. a3 c5
9. b3 cxd4 10. exd4 b6 11. Bb2 Bb7 12. Nbd2 Rc8 13. Rfe1 Qd6 14. Rac1 Rfd8 15.
Qd1 e6 16. Ne5 Nb8 17. Qe2 dxc4 18. bxc4 Nc6 19. Nxc6 Qxc6 20. Nf3 Nh5 21. Qe3
Qd6 22. Be4 Bxe4 23. Qxe4 Rc7 24. Rc2 Rdc8 25. Rec1 Bh6 26. Nd2 Qc6 27. Qe2 Nf4
28. Qf1 Qa4 29. g3 Nd5 30. c5 Bg7 31. Ne4 bxc5 32. Nxc5 Qa5 33. Qd3 h5 34. h4
Qb6 35. Re1 Qd6 36. Qf3 Ne7 37. Rce2 Qd5 38. Qf4 Nf5 39. Ne4 Rc2 40. Qg5 Rxe2
41. Rxe2 Nxd4 42. Nf6+ Bxf6 43. Qxf6 e5 44. Re3 Rc2 45. g4 Rxb2 46. gxh5 Rb1+
47. Kh2 Qh1+ 48. Kg3 Rg1# 0-1

[Event "Olomouc 2005, GM B - Proclient Cup"]
[Site "?"]
[Date "2005.??.??"]
[Round "2.4"]
[White "Bromberger, Stefan"]
[Black "Prasad, Devaki V"]
[Result "1-0"]
[WhiteElo "2491"]
[BlackElo "2359"]
[PlyCount "103"]
[EventDate "2005.08.03"]

1. e4 c6 2. d4 d5 3. e5 Bf5 4. f4 e6 5. Nf3 Nd7 6. Be3 Ne7 7. Nbd2 Qb6 8. Qc1
h5 9. c4 a5 10. Be2 Qd8 11. c5 Bg4 12. Bf2 Nf5 13. h3 Bxf3 14. Nxf3 h4 15. O-O
g6 16. Bd3 Be7 17. Qc2 Kf8 18. Rfc1 Kg7 19. b3 Rb8 20. Qc3 Rc8 21. Be1 b6 22.
Bxf5 gxf5 23. cxb6 Bb4 24. Qe3 Bxe1 25. b7 Rb8 26. Qxe1 Qb6 27. Qc3 Rxb7 28.
Qxc6 Qb4 29. Kh2 Nf8 30. Rg1 Ng6 31. g4 hxg3+ 32. Rxg3 Re7 33. Rag1 Rh6 34. Rg5
a4 35. bxa4 Ra7 36. Qe8 Qxa4 37. Qd8 Qxa2+ 38. R1g2 Qb3 39. R5g3 Qe3 40. Qf6+
Kg8 41. Qd8+ Kg7 42. Qf6+ Kg8 43. Qg5 Kh7 44. h4 Ra8 45. Qf6 Qxf4 46. Qxf7+ Kh8
47. Qf6+ Kh7 48. Qf7+ Kh8 49. Qf6+ Kh7 50. Ng5+ Kg8 51. Qxe6+ Kg7 52. Nh3 1-0

[Event "Olomouc 2005, GM B - Proclient Cup"]
[Site "?"]
[Date "2005.??.??"]
[Round "2.5"]
[White "Gavrilov, Alexei"]
[Black "Arutinian, David"]
[Result "1/2-1/2"]
[WhiteElo "2464"]
[BlackElo "2446"]
[PlyCount "89"]
[EventDate "2005.08.03"]

1. e4 c6 2. d4 d5 3. Nd2 dxe4 4. Nxe4 Bf5 5. Ng3 Bg6 6. h4 h6 7. Nf3 Nd7 8. h5
Bh7 9. Bd3 Bxd3 10. Qxd3 Ngf6 11. Bd2 e6 12. O-O-O Be7 13. Qe2 O-O 14. Rhe1 Re8
15. Ne5 Qb6 16. Nxd7 Nxd7 17. Ne4 Nf6 18. Nxf6+ Bxf6 19. Be3 Rad8 20. c3 Qb5
21. g4 Qxe2 22. Rxe2 b5 23. Kc2 Rd5 24. a4 a6 25. axb5 axb5 26. Ra1 e5 27. Bf4
Re6 28. dxe5 Bxe5 29. Bc1 g5 30. hxg6 Rxg6 31. Re4 Bd6 32. Be3 Bc5 33. Bxc5
Rxc5 34. Rf4 Kg7 35. Ra7 Rf6 36. Rxf6 Kxf6 37. Kd3 Rd5+ 38. Ke3 Re5+ 39. Kf3 h5
40. gxh5 Rxh5 41. Rc7 Rc5 42. Ke4 Re5+ 43. Kd3 Rd5+ 44. Kc2 Rc5 45. Kd3 1/2-1/2

[Event "Olomouc 2005, GM B - Proclient Cup"]
[Site "?"]
[Date "2005.??.??"]
[Round "2.6"]
[White "Lagowski, Patryk"]
[Black "Voloshin, Leonid"]
[Result "1/2-1/2"]
[WhiteElo "2395"]
[BlackElo "2477"]
[PlyCount "28"]
[EventDate "2005.08.03"]

1. d4 Nf6 2. c4 e6 3. Nc3 Bb4 4. Qc2 O-O 5. a3 Bxc3+ 6. Qxc3 d6 7. Nf3 b6 8. g3
Bb7 9. Bg2 Nbd7 10. O-O Rc8 11. Rd1 Be4 12. b4 Qe7 13. Bb2 Rfd8 14. Qe3 Re8
1/2-1/2

[Event "Olomouc 2005, GM B - Proclient Cup"]
[Site "?"]
[Date "2005.??.??"]
[Round "3.1"]
[White "Voloshin, Leonid"]
[Black "Hassan, Abdullah"]
[Result "1/2-1/2"]
[WhiteElo "2477"]
[BlackElo "2341"]
[PlyCount "59"]
[EventDate "2005.08.03"]

1. e4 e6 2. d3 d5 3. Nd2 Nf6 4. Ngf3 b6 5. g3 dxe4 6. dxe4 Bb7 7. Qe2 Nc6 8. c3
e5 9. b4 Bd6 10. Bb2 a5 11. a3 axb4 12. cxb4 O-O 13. Bg2 Qe7 14. O-O Rfd8 15.
Rfe1 Qe8 16. Nc4 Nd7 17. Bh3 Nf8 18. Rad1 Ba6 19. Qc2 Bb5 20. Rd5 Ne7 21. Rd2
Neg6 22. Bf1 Ne6 23. h4 h5 24. Qd1 Ba4 25. Qc1 f6 26. Bh3 Ngf8 27. Ne3 c6 28.
Bf1 Bc7 29. Bc4 Kh7 30. Ree2 1/2-1/2

[Event "Olomouc 2005, GM B - Proclient Cup"]
[Site "?"]
[Date "2005.??.??"]
[Round "3.2"]
[White "Arutinian, David"]
[Black "Lagowski, Patryk"]
[Result "1-0"]
[WhiteElo "2446"]
[BlackElo "2395"]
[PlyCount "73"]
[EventDate "2005.08.03"]

1. d4 d5 2. c4 c6 3. Nf3 e6 4. Qc2 Nf6 5. Bg5 Nbd7 6. cxd5 exd5 7. Nc3 Be7 8.
e3 O-O 9. Bd3 h6 10. Bf4 Re8 11. O-O Nf8 12. Rfe1 Nh5 13. Be5 Be6 14. h3 Rc8
15. Rad1 Nf6 16. Bh2 N8d7 17. Ne5 Bb4 18. a3 Bxc3 19. Qxc3 Nxe5 20. Bxe5 Nd7
21. Bd6 Qf6 22. Qb4 a5 23. Qxb7 Bxh3 24. Bg3 Bf5 25. Bf1 h5 26. Rc1 Nf8 27. Rc5
h4 28. Be5 Qg6 29. Rec1 Bd7 30. Rxa5 h3 31. Ra7 hxg2 32. Bxg2 Bf5 33. Bg3 Nh7
34. Ra6 Qg4 35. Qb3 Ng5 36. Qd1 Qxd1+ 37. Rxd1 1-0

[Event "Olomouc 2005, GM B - Proclient Cup"]
[Site "?"]
[Date "2005.??.??"]
[Round "3.3"]
[White "Prasad, Devaki V"]
[Black "Gavrilov, Alexei"]
[Result "1-0"]
[WhiteElo "2359"]
[BlackElo "2464"]
[PlyCount "73"]
[EventDate "2005.08.03"]

1. e4 c6 2. d4 d5 3. Nd2 dxe4 4. Nxe4 Bf5 5. Ng3 Bg6 6. h4 h6 7. Nf3 e6 8. Ne5
Bh7 9. Bd3 Bxd3 10. Qxd3 Nd7 11. f4 c5 12. Be3 Qa5+ 13. Bd2 Qa4 14. d5 Ne7 15.
dxe6 Nxe5 16. fxe5 fxe6 17. c4 Rd8 18. Qe4 Rd4 19. Qxb7 Qxc4 20. Bc3 Rd7 21.
Qa8+ Rd8 22. Qe4 Qd3 23. Qa4+ Rd7 24. Rh3 c4 25. Nf1 Qe4+ 26. Ne3 Nd5 27. O-O-O
Nb6 28. Qb5 Be7 29. Ba5 Nd5 30. Nxd5 exd5 31. Re1 Qxg2 32. e6 O-O 33. exd7 Qxh3
34. Qxd5+ Kh8 35. Rxe7 Qxh4 36. d8=Q Qf4+ 37. Bd2 1-0